Guess the Terribly Drawn Countries 2 - Statistics

General Stats
  • This quiz has been taken 63 times
  • The average score is 13 of 20
Answer Stats
Picture Answer % Correct
Italy
98%
Mexico
93%
Japan
91%
Chile
89%
Somalia
86%
Germany
82%
Vietnam
82%
New Zealand
79%
Poland
77%
Morocco
75%
North Korea
73%
Algeria
71%
Greece
70%
Saudi Arabia
52%
Nauru
41%
Afghanistan
39%
Colombia
36%
Haiti
36%
Azerbaijan
32%
Bosnia and Herzegovina
29%
No matching quizzes found
Score Distribution
Percent of People with Each Score
Percentile by Number Answered
Your Score History
You have not taken this quiz